书目信息 |
| 题名: |
土壤微生物研究法
|
|
| 作者: | ;中国科学院南京土壤研究所微生物室 编著 | |
| 分册: | ||
| 出版信息: | 北京 科学出版社 1985 |
|
| 页数: | 353页 | |
| 开本: | 19cm | |
| 丛书名: | ||
| 单 册: | ||
| 中图分类: | S154.3 | |
| 科图分类: | ||
| 主题词: | 土壤微生物--研究方法 | |
| 电子资源: | ||
| ISBN: | ||
| 000 | 00754nam0 2200241 45 | |
| 001 | 0185006719 | |
| 005 | 20040521090845.6 | |
| 010 | @b精装@dCNY3.50 | |
| 091 | @a13031.2847 | |
| 100 | @a19900904d1985 em y0chiy0121 ea | |
| 101 | 0 | @achi |
| 102 | @aCN@b110000 | |
| 105 | @ay z 000yy | |
| 106 | @ar | |
| 200 | 10 | @a土壤微生物研究法@Atu rang wei sheng wu yan jiu fa@f中国科学院南京土壤研究所微生物室编著 |
| 210 | @a北京@c科学出版社@d1985 | |
| 215 | @a353页@d19cm | |
| 606 | @a土壤微生物@x研究方法 | |
| 690 | @aS154.3@v3 | |
| 711 | 02 | @a中国科学院南京土壤研究所微生物室@Azhong guo ke xue yuan nan jing tu rang yan jiu suo wei sheng wu shi@4编著 |
| 801 | 0 | @aCN@b深圳图书馆@c20040521 |
| 801 | 2 | @aCN@bNLC@c20040521 |
| 905 | @f1@b251122@dS154.3@e14 | |
| 土壤微生物研究法/中国科学院南京土壤研究所微生物室编著.-北京:科学出版社,1985 |
| 353页;19cm |
| ISBN (精装):CNY3.50 |
| ● |
| 相关链接 |
|
|
|
|
正题名:土壤微生物研究法
索取号:S154.3/14
 
预约/预借
| 序号 | 登录号 | 条形码 | 馆藏地/架位号 | 状态 | 备注 |
| 1 | 0251122 | 000717479 | 第三借阅区/ [索取号:S154.3/14] | 在馆 | |
| 2 | 0251123 | 000717442 | 第二样本阅览室/ [索取号:S154.3/14] | 在馆 |